[Event "Madrid-ch Seniors 65 1718"]
[Site "Madrid"]
[Date "2018.01.25"]
[Round "4"]
[White "Ortega Morales, Pedro"]
[Black "Bravo Plaza, Luis"]
[Result "1/2-1/2"]
[WhiteElo "1825"]
[BlackElo "1922"]
[PlyCount "75"]
[EventDate "2018.01.22"]
[EventType "swiss"]
[EventRounds "7"]
[EventCountry "ESP"]
[SourceTitle "EXT 2020"]
[Source "ChessBase"]
[SourceDate "2019.10.17"]
[SourceVersion "1"]
[SourceVersionDate "2019.10.17"]
[SourceQuality "1"]

1. d4 Nf6 2. Bf4 d6 3. e3 g6 4. Be2 Bg7 5. Nf3 0-0 6. 0-0 Nbd7 7. Nbd2 b6 8. c3 Bb7 9. a4 a5 10. Qc2 c5 11. Rfc1 Rc8 12. Qd1 Re8 13. Nc4 Ne4 14. h3 h6 15. Bh2 d5 16. Nce5 Nf8 17. Bb5 c4 18. Bxe8 Qxe8 19. Nd2 f6 20. Nef3 Nd6 21. Qc2 g5 22. Re1 Ne4 23. Nxe4 dxe4 24. Nd2 f5 25. Reb1 Qg6 26. Qd1 Ne6 27. b3 f4 28. bxc4 f3 29. Qf1 Rf8 30. Rxb6 g4 31. hxg4 Qxg4 32. Rxb7 Ng5 33. Kh1 Qh4 34. Rab1 fxg2+ 35. Qxg2 Nh3 36. Rb8 Nxf2+ 37. Kg1 Nh3+ 38. Kh1 1/2-1/2

[Event "Madrid-ch sf"]
[Site "Madrid"]
[Date "2017.03.27"]
[Round "1"]
[White "Ortega Morales, Pedro"]
[Black "Gonzalez Rivera, Eduardo"]
[Result "0-1"]
[WhiteElo "1786"]
[BlackElo "2020"]
[PlyCount "110"]
[EventDate "2017.03.27"]
[EventType "swiss"]
[EventRounds "9"]
[EventCountry "ESP"]
[SourceTitle "CBM 177 Extra"]
[Source "ChessBase"]
[SourceDate "2017.04.27"]
[SourceVersion "1"]
[SourceVersionDate "2017.04.27"]
[SourceQuality "1"]

1. d4 d5 2. Bf4 Nf6 3. e3 c6 4. c3 Bf5 5. Nd2 Nbd7 6. Ngf3 e6 7. Be2 Be7 8. h3 0-0 9. 0-0 Ne4 10. Nxe4 Bxe4 11. Nd2 Bg6 12. Rc1 c5 13. a4 a6 14. Ra1 Nf6 15. Bg3 Rc8 16. Re1 Qd7 17. a5 Bd6 18. Bxd6 Qxd6 19. Nf3 Nd7 20. Nd2 e5 21. dxe5 Nxe5 22. Nc4 Qe6 23. Nxe5 Qxe5 24. Bf3 Rfd8 25. Qd2 Be4 26. Qe2 f5 27. Bh5 g6 28. f4 Qc7 29. Bf3 Re8 30. Bxe4 Rxe4 31. Qd3 Rd8 32. Qc2 Rde8 33. Qd3 Rd8 34. Qc2 Qe7 35. Qd2 Rd6 36. Rad1 Qd8 37. b4 b6 38. bxc5 bxc5 39. Qa2 Kg7 40. Qa3 Qc7 41. Kf2 Rd7 42. g3 Qd6 43. Rb1 d4 44. cxd4 cxd4 45. Rbc1 dxe3+ 46. Kg1 Qd5 47. Qc3+ Kh6 48. Rxe3 Rxe3 49. Qxe3 Qxa5 50. Qc3 Rd1+ 51. Kf2 Qb6+ 52. Ke2 Rd4 53. Qc5 Qe6+ 54. Kf3 Qe4+ 55. Kf2 Rd2+ 0-1

[Event "Madrid-ch Seniors 65"]
[Site "Madrid"]
[Date "2017.01.25"]
[Round "4"]
[White "Ortega Morales, Pedro"]
[Black "Fernandez Garcia, Ignacio"]
[Result "0-1"]
[WhiteElo "1748"]
[BlackElo "1833"]
[PlyCount "64"]
[EventDate "2017.01.20"]
[EventType "swiss"]
[EventRounds "7"]
[EventCountry "ESP"]
[SourceTitle "CBM 176 Extra"]
[Source "ChessBase"]
[SourceDate "2017.03.02"]
[SourceVersion "1"]
[SourceVersionDate "2017.03.02"]
[SourceQuality "1"]

1. d4 d5 2. Bf4 Nd7 3. e3 c6 4. c3 Ngf6 5. Bd3 g6 6. h3 Bg7 7. Nd2 c5 8. Rc1 0-0 9. Ngf3 c4 10. Bc2 b5 11. e4 dxe4 12. Nxe4 Bb7 13. Nxf6+ Nxf6 14. 0-0 a5 15. a3 Re8 16. Re1 Nd5 17. Bd2 Qc7 18. b3 cxb3 19. Bxb3 a4 20. c4 axb3 21. cxd5 Qd7 22. Qxb3 Bxd5 23. Qd1 Rxa3 24. Be3 Qf5 25. Rb1 Qd7 26. Qe2 Bc4 27. Qc2 Rea8 28. Rb2 h6 29. Ne5 Bxe5 30. dxe5 Ra1 31. Rbb1 Bd3 32. Rbd1 Bxc2 0-1

[Event "San Sebastian de los Reyes op 18th"]
[Site "San Sebastian"]
[Date "2016.12.06"]
[Round "4"]
[White "Ortega Morales, Pedro"]
[Black "Arroyo Martinez, Fernando"]
[Result "0-1"]
[WhiteElo "1809"]
[BlackElo "1967"]
[PlyCount "88"]
[EventDate "2016.12.03"]
[EventType "swiss"]
[EventRounds "9"]
[EventCountry "ESP"]
[SourceTitle "CBM 176 Extra"]
[Source "ChessBase"]
[SourceDate "2017.03.02"]
[SourceVersion "1"]
[SourceVersionDate "2017.03.02"]
[SourceQuality "1"]

1. d4 Nf6 2. Bf4 g6 3. Nf3 Bg7 4. e3 0-0 5. Be2 d6 6. Nbd2 b6 7. 0-0 Bb7 8. c4 Nh5 9. Bg5 h6 10. Bh4 Nd7 11. Ne1 Nhf6 12. Nc2 e5 13. a4 a5 14. Na3 Re8 15. Nb5 g5 16. Bg3 Nf8 17. Re1 c6 18. Nc3 Ng6 19. Rb1 d5 20. cxd5 exd4 21. exd4 Nxd5 22. Nf3 Nb4 23. Qd2 g4 24. Ne5 Nxe5 25. Bf4 Ng6 26. Bxh6 Bxh6 27. Qxh6 Qxd4 28. Rbd1 Qe5 29. Qd2 Qf5 30. Bf1 c5 31. Rxe8+ Rxe8 32. Bb5 Bc6 33. Bc4 Nf4 34. Bf1 Nbd5 35. Nxd5 Nxd5 36. Bd3 Qe5 37. Qh6 Nf6 38. b3 Qd5 39. f3 Qe5 40. fxg4 Qe3+ 41. Qxe3 Rxe3 42. h3 Bd5 43. Kf2 Bxb3 44. Rd2 Re7 0-1

[Event "San Sebastian de los Reyes op 18th"]
[Site "San Sebastian"]
[Date "2016.12.04"]
[Round "2"]
[White "Ortega Morales, Pedro"]
[Black "Hernandez Ramos, David"]
[Result "0-1"]
[WhiteElo "1809"]
[BlackElo "1979"]
[PlyCount "77"]
[EventDate "2016.12.03"]
[EventType "swiss"]
[EventRounds "9"]
[EventCountry "ESP"]
[SourceTitle "CBM 176 Extra"]
[Source "ChessBase"]
[SourceDate "2017.03.02"]
[SourceVersion "1"]
[SourceVersionDate "2017.03.02"]
[SourceQuality "1"]

1. d4 g6 2. Bf4 Bg7 3. e3 Nf6 4. Nf3 d6 5. h3 0-0 6. Be2 b6 7. 0-0 Bb7 8. Nbd2 Nbd7 9. c3 Re8 10. Bh2 c5 11. a4 a6 12. Ne1 Qc7 13. Bf3 Reb8 14. Bxb7 Qxb7 15. Nd3 Qc6 16. Qf3 Qxf3 17. Nxf3 Ne4 18. Rfd1 a5 19. Nd2 Nxd2 20. Rxd2 Nf6 21. Re2 Rb7 22. Rd1 Rab8 23. Kf1 c4 24. Ne1 b5 25. axb5 Rxb5 26. Ra1 Rxb2 27. Rxa5 Rxe2 28. Kxe2 Ne4 29. Ra3 Rb2+ 30. Kd1 Rxf2 31. Bg1 Rf1 32. Bh2 Rh1 33. Bf4 g5 34. Bxg5 Nxg5 35. Ra4 d5 36. Ke2 Ne4 37. Ra3 e6 38. Ra8+ Bf8 39. Ra4 0-1

[Event "ESP-ch Seniors 65"]
[Site "Altea"]
[Date "2016.10.09"]
[Round "1"]
[White "Bautista Sanchez, Joan"]
[Black "Ortega Morales, Pedro"]
[Result "1-0"]
[WhiteElo "2152"]
[BlackElo "1788"]
[PlyCount "109"]
[EventDate "2016.10.09"]
[EventType "swiss"]
[EventRounds "9"]
[EventCountry "ESP"]
[SourceTitle "EXT 2024"]
[Source "ChessBase"]
[SourceDate "2023.10.10"]
[SourceVersion "1"]
[SourceVersionDate "2023.10.10"]
[SourceQuality "1"]

1. Nf3 d5 2. c4 e6 3. e3 Nf6 4. b3 Bd6 5. Bb2 0-0 6. Be2 Nbd7 7. d4 c6 8. 0-0 b6 9. Nc3 Bb7 10. cxd5 exd5 11. Bd3 Re8 12. Qc2 h6 13. Rfe1 a6 14. e4 dxe4 15. Nxe4 Nxe4 16. Rxe4 Rxe4 17. Bxe4 Nf6 18. Bf5 Qc7 19. Re1 Re8 20. Rxe8+ Nxe8 21. Qe2 Qe7 22. Qxe7 Bxe7 23. Ne5 Nd6 24. Bd7 c5 25. dxc5 bxc5 26. Nc6 Bf8 27. Na5 Bc8 28. Bc6 Be7 29. Bd5 Be6 30. Nc6 Bf8 31. Bxe6 fxe6 32. Nd8 Nb5 33. Nxe6 Kf7 34. Nxf8 Kxf8 35. f4 g6 36. Kf2 Kf7 37. Be5 Ke6 38. Ke3 Kd5 39. g4 Na7 40. Bg7 h5 41. f5 hxg4 42. fxg6 Nb5 43. Kf2 Ke6 44. Be5 Kd5 45. Ke3 Na7 46. Bg7 Nc6 47. Bf8 Ke6 48. Bxc5 Kf6 49. Kf4 Kxg6 50. Kxg4 Ne5+ 51. Kg3 Nd3 52. b4 Ne5 53. Kf4 Nd3+ 54. Ke4 Nc1 55. a4 1-0

[Event "Madrid-ch sf"]
[Site "Madrid"]
[Date "2016.02.08"]
[Round "1"]
[White "Sierra Garcia, Ricardo"]
[Black "Ortega Morales, Pedro"]
[Result "0-1"]
[WhiteElo "1800"]
[BlackElo "1751"]
[PlyCount "76"]
[EventDate "2016.02.08"]
[EventType "swiss"]
[EventRounds "9"]
[EventCountry "ESP"]
[SourceTitle "CBM 171 Extra"]
[Source "ChessBase"]
[SourceDate "2016.04.26"]
[SourceVersion "1"]
[SourceVersionDate "2016.04.26"]
[SourceQuality "1"]

1. e4 e5 2. Nf3 Nc6 3. Bb5 Nf6 4. 0-0 Nxe4 5. d4 Nd6 6. Ba4 exd4 7. Re1+ Be7 8. Nxd4 0-0 9. Be3 Bf6 10. Nxc6 dxc6 11. c3 Be6 12. Nd2 Re8 13. Nf1 Nf5 14. Qc2 Bg5 15. Rad1 Qf6 16. Bd4 Qg6 17. Ne3 Nxd4 18. Qxg6 Nf3+ 19. gxf3 hxg6 20. Bc2 Red8 21. Ng4 Rxd1 22. Rxd1 Rd8 23. a4 Rxd1+ 24. Bxd1 Bc1 25. b4 Bd2 26. b5 cxb5 27. axb5 Bxc3 28. Ne3 Kf8 29. Kf1 Be5 30. h4 Bf6 31. Ng2 Ke7 32. f4 Kd6 33. Bf3 Bc4+ 34. Be2 Kc5 35. Bxc4 Kxc4 36. f5 gxf5 37. Ne3+ Kxb5 38. Nxf5 a5 0-1

[Event "Madrid-ch Seniors"]
[Site "Madrid"]
[Date "2016.01.28"]
[Round "6"]
[White "Ortega Morales, Pedro"]
[Black "Benito Alba, Eladio"]
[Result "0-1"]
[WhiteElo "1747"]
[BlackElo "1567"]
[PlyCount "54"]
[EventDate "2016.01.22"]
[EventType "swiss"]
[EventRounds "7"]
[EventCountry "ESP"]
[SourceTitle "EXT 2017"]
[Source "ChessBase"]
[SourceDate "2016.10.25"]
[SourceVersion "1"]
[SourceVersionDate "2016.10.25"]
[SourceQuality "1"]

1. d4 d5 2. Bf4 Nf6 3. e3 e6 4. Nf3 c5 5. c3 Nc6 6. Nbd2 Bd6 7. Be2 0-0 8. Ne5 c4 9. 0-0 Qc7 10. Ndf3 b5 11. a3 Bxe5 12. dxe5 Ne4 13. Qc2 Bb7 14. Nd4 Nxd4 15. exd4 Qe7 16. f3 g5 17. Be3 f5 18. fxe4 f4 19. Bd2 dxe4 20. a4 f3 21. Bd1 g4 22. Be3 fxg2 23. Rxf8+ Rxf8 24. Qxg2 h5 25. h3 Qh4 26. Be2 g3 27. Bf2 Rxf2 0-1

[Event "Villalba op 1st"]
[Site "Villalba"]
[Date "2013.07.29"]
[Round "3.16"]
[White "Porras Fernandez, Alberto"]
[Black "Ortega Morales, Pedro"]
[Result "1-0"]
[WhiteElo "1668"]
[BlackElo "1864"]
[PlyCount "87"]
[EventDate "2013.07.27"]
[EventType "swiss"]
[EventRounds "9"]
[EventCountry "ESP"]
[SourceTitle "EXT 2024"]
[Source "ChessBase"]
[SourceDate "2023.10.10"]
[SourceVersion "1"]
[SourceVersionDate "2023.10.10"]
[SourceQuality "1"]

1. e4 e5 2. Nf3 Nc6 3. Bb5 Nf6 4. d3 d6 5. 0-0 Be7 6. h3 0-0 7. c3 a6 8. Ba4 b5 9. Bc2 Re8 10. Nbd2 Bf8 11. Re1 d5 12. exd5 Nxd5 13. Ne4 h6 14. d4 f5 15. Ng3 e4 16. Nh2 Bd6 17. Nhf1 Kh8 18. f3 Qh4 19. Bb3 Nxc3 20. bxc3 Bxg3 21. Nxg3 Qxg3 22. fxe4 fxe4 23. Re3 Qg6 24. Bd5 Bf5 25. Qe1 Rad8 26. Bxc6 Qxc6 27. Bd2 Qe6 28. a4 Ra8 29. Qg3 Qd7 30. Rf1 bxa4 31. Qf2 Bg6 32. Rg3 Kh7 33. Rg4 Rf8 34. Bf4 Rae8 35. Qg3 Qf7 36. Ra1 Bh5 37. Rh4 Re6 38. Rxa4 g5 39. Bxg5 hxg5 40. Qxg5 Rh6 41. Ra5 Rg8 42. Qe3 Rxg2+ 43. Kxg2 Bf3+ 44. Kg3 1-0

[Event "Madrid-ch"]
[Site "Madrid"]
[Date "2012.11.12"]
[Round "5"]
[White "Ortega Morales, Pedro"]
[Black "Salgado Duarte, Pablo"]
[Result "1-0"]
[WhiteElo "1862"]
[BlackElo "1603"]
[PlyCount "73"]
[EventDate "2012.11.05"]
[EventType "swiss"]
[EventRounds "9"]
[EventCountry "ESP"]
[SourceTitle "CBM 151 Extra"]
[Source "ChessBase"]
[SourceDate "2012.12.18"]
[SourceVersion "1"]
[SourceVersionDate "2012.12.18"]
[SourceQuality "1"]

1. d4 d5 2. Bf4 Nc6 3. e3 e6 4. Nf3 Nf6 5. c3 h6 6. Bd3 Bd6 7. Bg3 Bxg3 8. hxg3 Qd6 9. Nbd2 Bd7 10. Qe2 0-0-0 11. 0-0-0 Rde8 12. Bb5 Kb8 13. Bxc6 Bxc6 14. Ne5 Rhf8 15. Kb1 Nd7 16. Nxd7+ Qxd7 17. Nf3 f6 18. Qc2 e5 19. dxe5 fxe5 20. e4 Qe6 21. exd5 Bxd5 22. Rhe1 Bxa2+ 23. Kc1 Bb3 24. Nd4 Bxc2 25. Nxe6 Rxe6 26. Kxc2 Rxf2+ 27. Rd2 Rxd2+ 28. Kxd2 Kc8 29. Ke3 Kd7 30. Ke4 Ke7 31. Re2 Rg6 32. Re3 Ke6 33. Kd3 Rf6 34. Re2 Rf3+ 35. gxf3 Kd5 36. b4 b6 37. c4+ 1-0

[Event "Madrid Oliver Gonzalez Memorial-B 3rd"]
[Site "Madrid"]
[Date "2012.09.01"]
[Round "1"]
[White "Ortega Morales, Pedro"]
[Black "Cortijo Manso, Luis"]
[Result "1-0"]
[WhiteElo "1876"]
[BlackElo "1534"]
[PlyCount "79"]
[EventDate "2012.09.01"]
[EventType "swiss"]
[EventRounds "9"]
[EventCountry "ESP"]
[SourceTitle "CBM 150 Extra"]
[Source "ChessBase"]
[SourceDate "2012.10.19"]
[SourceVersion "1"]
[SourceVersionDate "2012.10.19"]
[SourceQuality "1"]

1. d4 Nf6 2. Bf4 d6 3. e3 Nbd7 4. Nf3 c5 5. c3 Qb6 6. Na3 a6 7. Nc4 Qd8 8. a4 d5 9. Ncd2 e6 10. Bd3 Be7 11. Ne5 c4 12. Bc2 Qa5 13. 0-0 Nxe5 14. dxe5 Nd7 15. Qg4 g6 16. e4 Bf8 17. exd5 Qxd5 18. Qe2 Bg7 19. Nxc4 0-0 20. Rfd1 Qc6 21. b4 Rb8 22. Rd6 Qc7 23. a5 b5 24. axb6 Nxb6 25. Nxb6 Rxb6 26. Rxb6 Qxb6 27. Be3 Qc6 28. Bd4 Bb7 29. f3 f6 30. Be4 Qc8 31. Bxb7 Qxb7 32. exf6 Bxf6 33. Qxe6+ Kg7 34. Bxf6+ Rxf6 35. Qe5 Qb6+ 36. Kf1 Qb5+ 37. Qxb5 axb5 38. Ra7+ Kh6 39. Rb7 Rf5 40. Rc7 1-0

[Event "Tres Cantos op 4th"]
[Site "Tres Cantos"]
[Date "2012.06.28"]
[Round "8"]
[White "Arauz Alonso, Fernando"]
[Black "Ortega Morales, Pedro"]
[Result "1-0"]
[WhiteElo "2059"]
[BlackElo "1910"]
[PlyCount "101"]
[EventDate "2012.06.21"]
[EventType "swiss"]
[EventRounds "9"]
[EventCountry "ESP"]
[SourceTitle "CBM 149 Extra"]
[Source "ChessBase"]
[SourceDate "2012.08.24"]
[SourceVersion "1"]
[SourceVersionDate "2012.08.24"]
[SourceQuality "1"]

1. d4 Nf6 2. Nf3 g6 3. Bg5 Bg7 4. Nbd2 d5 5. e3 b6 6. Be2 Bb7 7. 0-0 Nbd7 8. a4 c5 9. c3 0-0 10. a5 bxa5 11. Qa4 Qc7 12. Bf4 Qb6 13. Qxa5 Qxa5 14. Rxa5 Rfc8 15. Rfa1 a6 16. Bxa6 Bxa6 17. Rxa6 Rxa6 18. Rxa6 Nh5 19. Bg3 Nxg3 20. hxg3 Bf6 21. g4 h6 22. Ra7 Nf8 23. Rb7 c4 24. e4 e6 25. Rb5 Rd8 26. g3 Nh7 27. exd5 exd5 28. b3 cxb3 29. Nxb3 Ng5 30. Nxg5 hxg5 31. Kg2 Be7 32. Kf3 f6 33. Ke3 Kf7 34. Nc5 f5 35. Rb7 Kf6 36. Nd7+ Ke6 37. Ne5 f4+ 38. gxf4 gxf4+ 39. Kxf4 g5+ 40. Ke3 Bd6 41. Rb6 Rc8 42. Kd3 Rf8 43. Ke3 Re8 44. Kd3 Ke7 45. Rb7+ Ke6 46. Nf7 Be7 47. Nh6 Rf8 48. Nf5 Bd8 49. Ra7 Rh8 50. Ra6+ Kd7 51. Rd6+ 1-0

[Event "Tres Cantos op 4th"]
[Site "Tres Cantos"]
[Date "2012.06.25"]
[Round "5"]
[White "Romero Gomez, David"]
[Black "Ortega Morales, Pedro"]
[Result "0-1"]
[WhiteElo "1646"]
[BlackElo "1910"]
[PlyCount "70"]
[EventDate "2012.06.21"]
[EventType "swiss"]
[EventRounds "9"]
[EventCountry "ESP"]
[SourceTitle "CBM 149 Extra"]
[Source "ChessBase"]
[SourceDate "2012.08.24"]
[SourceVersion "1"]
[SourceVersionDate "2012.08.24"]
[SourceQuality "1"]

1. d4 Nf6 2. c4 c5 3. d5 b5 4. cxb5 a6 5. bxa6 Bxa6 6. Nc3 g6 7. e4 Bxf1 8. Kxf1 d6 9. Nf3 Nbd7 10. g3 Bg7 11. Kg2 Qb6 12. h3 0-0 13. Re1 Ne8 14. Qc2 Nc7 15. Nd2 Qa6 16. Nb3 Rfc8 17. Qe2 Rcb8 18. Qxa6 Rxa6 19. Nd2 Ne5 20. Re3 Nb5 21. Nxb5 Rxb5 22. Rb3 Rxb3 23. Nxb3 Nd3 24. Bg5 Ra7 25. a4 Nxb2 26. Ra3 h6 27. Bc1 Nd3 28. Be3 Ne1+ 29. Kh2 Nc2 30. Ra2 Nb4 31. Rd2 Rxa4 32. Rd1 Nc2 33. Bd2 c4 34. Nc1 c3 35. Be1 Rxe4 0-1

[Event "Tres Cantos op 4th"]
[Site "Tres Cantos"]
[Date "2012.06.21"]
[Round "1"]
[White "Munoz Blazquez, Jose"]
[Black "Ortega Morales, Pedro"]
[Result "0-1"]
[WhiteElo "1410"]
[BlackElo "1910"]
[PlyCount "44"]
[EventDate "2012.06.21"]
[EventType "swiss"]
[EventRounds "9"]
[EventCountry "ESP"]
[SourceTitle "CBM 149 Extra"]
[Source "ChessBase"]
[SourceDate "2012.08.24"]
[SourceVersion "1"]
[SourceVersionDate "2012.08.24"]
[SourceQuality "1"]

1. e4 e5 2. Nf3 Nc6 3. Nc3 Bb4 4. Be2 Nf6 5. 0-0 0-0 6. d3 h6 7. Bd2 d6 8. Nd5 Bxd2 9. Nxf6+ Qxf6 10. Qxd2 Bg4 11. c3 Rad8 12. Rfd1 Rfe8 13. Ne1 Bc8 14. f3 Ne7 15. Nc2 Ng6 16. Ne3 c6 17. Rf1 Qg5 18. Rad1 Nf4 19. Kh1 d5 20. exd5 cxd5 21. Ng4 f5 22. Nf2 Qxg2# 0-1